000 00512nam a22001577a 4500
999 _c534580
_d534580
020 _qHard Cover.
082 _a660
100 _aHussain, Abid
245 _aPermeation Behavior of Single and Mix Gases through Mixed Matrix Membranes /
_cAbid Hussain.
260 _aIslamabad:
_bSCME - NUST,
_c2017.
300 _a56 p. :
_bill. ;
_c30cm.
942 _2ddc
_cTHE
650 _aChemical Engineering MS-Thesis.
_916130
700 _aDr. Arshad Hussain
_916435